| 000 -LEADER |
| fixed length control field |
00714nam a22002057a 4500 |
| 001 - CONTROL NUMBER |
| control field |
20492 |
| 003 - CONTROL NUMBER IDENTIFIER |
| control field |
BD-DhUAP |
| 005 - DATE AND TIME OF LATEST TRANSACTION |
| control field |
20210118094757.0 |
| 008 - FIXED-LENGTH DATA ELEMENTS--GENERAL INFORMATION |
| fixed length control field |
200123b2017 a|||| |||| 001 0 eng d |
| 020 ## - INTERNATIONAL STANDARD BOOK NUMBER |
| International Standard Book Number |
9789849266044 |
| 040 ## - CATALOGING SOURCE |
| Original cataloging agency |
BD-DhUAP |
| Language of cataloging |
Bng |
| Transcribing agency |
BD-DhUAP |
| Modifying agency |
BD-DhUAP |
| 082 ## - DEWEY DECIMAL CLASSIFICATION NUMBER |
| Edition number |
23 |
| Classification number |
005.262 MAH |
| 100 ## - MAIN ENTRY--PERSONAL NAME |
| Personal name |
মাহবুব, ঝংকার। |
| 245 ## - TITLE STATEMENT |
| Title |
প্রোগ্রামিংয়ের বলদ টু বস / |
| Statement of responsibility, etc. |
ঝংকার মাহবুব। |
| 260 ## - PUBLICATION, DISTRIBUTION, ETC. |
| Place of publication, distribution, etc. |
ঢাকা : |
| Name of publisher, distributor, etc. |
আদর্শ, |
| Date of publication, distribution, etc. |
c ২০১৭। |
| 300 ## - PHYSICAL DESCRIPTION |
| Extent |
১২৭ পৃষ্ঠা : |
| Other physical details |
চিত্র ; |
| Dimensions |
২২ সেমি.। |
| 650 ## - SUBJECT ADDED ENTRY--TOPICAL TERM |
| Topical term or geographic name entry element |
Programming language |
| 650 ## - SUBJECT ADDED ENTRY--TOPICAL TERM |
| Topical term or geographic name entry element |
Programmer. |
| 942 ## - ADDED ENTRY ELEMENTS (KOHA) |
| Source of classification or shelving scheme |
|
| Koha item type |
Book |